000 00808cam a2200289 4500500
005 20260329005028.0
041 _afre
042 _adc
100 1 0 _aSorente, Isabelle
_eauthor
245 0 0 _aC’est quoi un bon Français ?
260 _c2022.
500 _a3
690 _aAurélien Taché
690 _aCitoyenneté
690 _aCollectif
690 _aÉric Zemmour
690 _aIdentité
690 _aMarylin Maeso
690 _aNationalité
690 _aNaturalisation
690 _aRacines
690 _aTeresa Pullano
690 _aTraditions
690 _aUniversalisme
786 0 _nPhilosophie magazine | 156 | 2 | 2022-02-01 | p. 22-22 | 1951-1787
856 4 1 _uhttps://shs.cairn.info/magazine-philosophie-magazine-2022-2-page-22?lang=fr&redirect-ssocas=7080
999 _c1839613
_d1839613